[Event "LK jeugd t/m 12 jaar"]
[Site "Buggenum"]
[Date "2007.12.29"]
[Round "11"]
[White "Maessen, Roy"]
[Black "Huibers, Lars"]
[Result "1-0"]
[WhiteElo "1224"]
[BlackElo "721"]
[PlyCount "129"]
[EventDate "2007.12.28"]
[EventType "tourn"]
[EventRounds "17"]
[EventCountry "NED"]
[Source "P.Boonen"]
[SourceDate "2015.01.01"]

1. d4 d5 2. Nf3 Nc6 3. e3 Nf6 4. Bd3 e6 5. O-O Bd6 6. b3 O-O 7. Bb2 Bd7 8. Ne5
Nxe5 9. dxe5 Bxe5 10. Bxe5 Bc6 11. a4 a5 12. Bb5 Bxb5 13. axb5 c6 14. bxc6 bxc6
15. f4 Ne4 16. Nd2 Nxd2 17. Qxd2 f6 18. Bb2 c5 19. Bc3 d4 20. exd4 cxd4 21.
Bxd4 Qd5 22. Bc3 Qe4 23. Bxa5 Rac8 24. Qd3 Qc6 25. Bb4 Rfd8 26. Qe2 Qxc2 27.
Qxe6+ Kh8 28. Ba3 Re8 29. Qh3 Rc3 30. Qd7 Rg8 31. Rac1 Qd3 32. Qxd3 Rxd3 33.
Rf3 Rxf3 34. gxf3 h6 35. Kg2 Kh7 36. Kg3 Kg6 37. Kg4 h5+ 38. Kg3 f5 39. Rc6+
Kf7 40. Kh4 Rh8 41. Bb2 Rh7 42. b4 Ke7 43. Be5 Kd7 44. Rc7+ Kd8 45. Rxg7 Rxg7
46. Bxg7 Kc7 47. Kxh5 Kb6 48. Kg6 Kb5 49. Bf8 Kc6 50. h4 Kd7 51. h5 Ke8 52. Bc5
Kd7 53. h6 Ke6 54. h7 Kd5 55. h8=Q Kc4 56. Qd4+ Kb5 57. Bb6 Ka4 58. Qa1+ Kb5
59. Kf6 Kxb6 60. Qa5+ Kc6 61. Qc5+ Kd7 62. Qb6 Ke8 63. Qb7 Kd8 64. Ke6 Ke8 65.
Qb8# 1-0

[Event "LK jeugd t/m 12 jaar"]
[Site "Buggenum"]
[Date "2007.12.29"]
[Round "11"]
[White "Meeuwissen, Tom"]
[Black "Cremers, Daan"]
[Result "0-1"]
[WhiteElo "477"]
[BlackElo "1055"]
[PlyCount "70"]
[EventDate "2007.12.28"]
[EventType "tourn"]
[EventRounds "17"]
[EventCountry "NED"]
[Source "P.Boonen"]
[SourceDate "2015.01.01"]

1. e4 e5 2. Nf3 Nc6 3. Nc3 Nf6 4. Bb5 d6 5. Bxc6+ bxc6 6. d3 Bg4 7. Bg5 h6 8.
Bxf6 Qxf6 9. Qd2 Bxf3 10. gxf3 Qxf3 11. Qe2 Qxh1+ 12. Qf1 Qxf1+ 13. Kxf1 Be7
14. Na4 O-O 15. f3 d5 16. exd5 cxd5 17. Nc3 c6 18. a4 d4 19. Ne4 Rab8 20. b3 f5
21. Ng3 Bh4 22. Ne2 Rfe8 23. c4 dxc3 24. Nxc3 Rxb3 25. Rc1 Rd8 26. Ke2 Bg5 27.
Na2 Bxc1 28. Nxc1 Rb2+ 29. Ke3 Rxh2 30. Nb3 Kf7 31. Nc5 Rd5 32. Nb7 g5 33. a5
Kf6 34. a6 f4+ 35. Ke4 Rd4# 0-1

[Event "LK jeugd t/m 12 jaar"]
[Site "Buggenum"]
[Date "2007.12.29"]
[Round "11"]
[White "Peeters, Victor"]
[Black "De Ridder, Naomi"]
[Result "0-1"]
[WhiteElo "978"]
[BlackElo "1148"]
[PlyCount "88"]
[EventDate "2007.12.28"]
[EventType "tourn"]
[EventRounds "17"]
[EventCountry "NED"]
[Source "P.Boonen"]
[SourceDate "2015.01.01"]

1. e4 e5 2. Nf3 Nc6 3. Bb5 Nf6 4. Bxc6 dxc6 5. Nxe5 Nxe4 6. Qe2 Qd5 7. Nc3 Qxe5
8. Nxe4 Be7 9. O-O Bf5 10. d3 Bd6 11. g3 O-O 12. Bf4 Qe6 13. Bxd6 cxd6 14. Rfe1
Rfe8 15. b3 Bxe4 16. dxe4 d5 17. f3 Re7 18. Qd2 Rae8 19. Kf1 Qh3+ 20. Kg1 dxe4
21. fxe4 Qc8 22. Qd3 Rd8 23. Qf3 Rd2 24. c4 Re6 25. Rf1 Rf6 26. Qe3 Rxf1+ 27.
Rxf1 Rxa2 28. Qc5 Qh3 29. Qf2 Rxf2 30. Rxf2 Qe6 31. Re2 b5 32. cxb5 cxb5 33.
Ra2 a6 34. Rc2 h6 35. h4 Qxe4 36. Rc7 Qe3+ 37. Kg2 Qxb3 38. Ra7 Qa2+ 39. Kh3 a5
40. Rb7 b4 41. Rb5 b3 42. h5 b2 43. Kh4 Qc4+ 44. g4 Qxb5 0-1

[Event "LK jeugd t/m 12 jaar"]
[Site "Buggenum"]
[Date "2007.12.29"]
[Round "11"]
[White "Van Mulekom, Maureen"]
[Black "Broens, Damian"]
[Result "1-0"]
[WhiteElo "903"]
[BlackElo "854"]
[PlyCount "137"]
[EventDate "2007.12.28"]
[EventType "tourn"]
[EventRounds "17"]
[EventCountry "NED"]
[Source "P.Boonen"]
[SourceDate "2015.01.01"]

1. e4 e5 2. Nf3 Nc6 3. Bc4 Nf6 4. Ng5 Qe7 5. Bxf7+ Kd8 6. Bc4 h6 7. Nf3 d6 8.
Nc3 Bg4 9. d3 Bxf3 10. Qxf3 b6 11. Nd5 Nxd5 12. Bxd5 Qd7 13. O-O Be7 14. Bxc6
Qxc6 15. c3 Bg5 16. Bxg5+ hxg5 17. Qg4 Qd7 18. Qxg5+ Qe7 19. Qxe7+ Kxe7 20. d4
Rh7 21. dxe5 dxe5 22. f3 Rah8 23. h3 g5 24. Kh2 Rg8 25. Rad1 g4 26. fxg4 Rxg4
27. Rf3 Rxe4 28. Rfd3 Kf6 29. Rd7 Rxd7 30. Rxd7 Re2 31. Rxc7 a5 32. Rc6+ Kf5
33. Rxb6 Re4 34. g4+ Kf4 35. a3 Re2+ 36. Kg1 Kg3 37. Kf1 Re3 38. c4 Rf3+ 39.
Ke2 Rf4 40. Rb3+ Kh4 41. c5 e4 42. c6 Rf7 43. Rb7 Rf8 44. c7 Rc8 45. Ke3 Kxh3
46. Kxe4 Kxg4 47. Ke5 Kg5 48. Ke6 Kg6 49. Kd7 Rh8 50. c8=Q Rxc8 51. Kxc8 a4 52.
b3 axb3 53. Rxb3 Kf6 54. a4 Ke6 55. a5 Kd6 56. a6 Kc6 57. a7 Kc5 58. a8=Q Kc4
59. Qc6+ Kxb3 60. Qc5 Ka4 61. Qb6 Ka3 62. Qb5 Ka2 63. Qb4 Ka1 64. Kc7 Ka2 65.
Kc6 Ka1 66. Kc5 Ka2 67. Kc4 Ka1 68. Kc3 Ka2 69. Qb2# 1-0

[Event "LK jeugd t/m 12 jaar"]
[Site "Buggenum"]
[Date "2007.12.29"]
[Round "12"]
[White "Cremers, Daan"]
[Black "Van Mulekom, Maureen"]
[Result "1/2-1/2"]
[WhiteElo "1055"]
[BlackElo "903"]
[PlyCount "117"]
[EventDate "2007.12.28"]
[EventType "tourn"]
[EventRounds "17"]
[EventCountry "NED"]
[Source "P.Boonen"]
[SourceDate "2015.01.01"]

1. e4 e5 2. Nf3 Nc6 3. Nc3 Nf6 4. Bc4 Bc5 5. d3 O-O 6. O-O Nd4 7. Bg5 Nxf3+ 8.
Qxf3 Be7 9. Nd5 Nxd5 10. Bxe7 Nxe7 11. Rad1 d6 12. a3 Nc6 13. c3 a6 14. d4 Rb8
15. d5 Na5 16. Bd3 b5 17. b4 Nc4 18. Bxc4 bxc4 19. Qe2 Qg5 20. Qf3 Bg4 21. Qg3
h6 22. f3 Bd7 23. Qxg5 hxg5 24. g3 f6 25. f4 gxf4 26. gxf4 exf4 27. Rxf4 g5 28.
Rf2 f5 29. exf5 Bxf5 30. Rg2 Kf7 31. Rxg5 Rg8 32. Rxg8 Rxg8+ 33. Kf2 Bh3 34.
Ke3 Rg2 35. Rd4 Rxh2 36. Rxc4 Ra2 37. Rxc7+ Kf6 38. Rc6 Rxa3 39. Rxd6+ Ke5 40.
Rc6 Bg2 41. Rc5 Bxd5 42. Kd2 Kd6 43. Ra5 Rxa5 44. bxa5 Kc5 45. Kc2 Kb5 46. Kd3
Kxa5 47. Kd4 Bg8 48. c4 Bxc4 49. Kxc4 Ka4 50. Kc3 Ka3 51. Kc2 Ka2 52. Kc1 a5
53. Kc2 a4 54. Kc3 a3 55. Kc2 Ka1 56. Kc1 Ka2 57. Kc2 Ka1 58. Kc1 a2 59. Kc2
1/2-1/2

[Event "LK jeugd t/m 12 jaar"]
[Site "Buggenum"]
[Date "2007.12.29"]
[Round "12"]
[White "Huibers, Lars"]
[Black "Van Meegen, Ruud"]
[Result "0-1"]
[WhiteElo "721"]
[BlackElo "1434"]
[PlyCount "88"]
[EventDate "2007.12.28"]
[EventType "tourn"]
[EventRounds "17"]
[EventCountry "NED"]
[Source "P.Boonen"]
[SourceDate "2015.01.01"]

1. e4 c5 2. Nf3 d6 3. Nc3 Nf6 4. Bc4 Nc6 5. O-O g6 6. d3 Bg7 7. Bg5 O-O 8. Qe2
Bg4 9. Bxf6 Bxf6 10. h3 Nd4 11. Qd1 Nxf3+ 12. gxf3 Bxh3 13. Re1 Rb8 14. f4 Qc8
15. f3 a5 16. a4 Bh4 17. Re2 Bg3 18. Nd5 Qd8 19. c3 e6 20. Ne3 Bxf4 21. d4 Qg5+
22. Kh1 Bxe3 23. Qd3 Bf4 24. Rg1 Qh6 25. Qc2 Bf1+ 26. Rh2 Qxh2+ 27. Qxh2 Bxh2
28. Kxh2 Bxc4 29. f4 cxd4 30. cxd4 b5 31. axb5 Rxb5 32. Rb1 Bd3 33. Rd1 Rxb2+
34. Kg3 Rfb8 35. Rxd3 R8b3 36. Rxb3 Rxb3+ 37. Kf2 a4 38. Ke2 h5 39. Kd2 h4 40.
Ke2 h3 41. Kf2 a3 42. Kg1 Rb2 43. Kf1 a2 44. Ke1 a1=R# 0-1

[Event "LK jeugd t/m 12 jaar"]
[Site "Buggenum"]
[Date "2007.12.29"]
[Round "12"]
[White "Katoen, Tom"]
[Black "Maessen, Roy"]
[Result "0-1"]
[WhiteElo "832"]
[BlackElo "1224"]
[PlyCount "126"]
[EventDate "2007.12.28"]
[EventType "tourn"]
[EventRounds "17"]
[EventCountry "NED"]
[Source "P.Boonen"]
[SourceDate "2015.01.01"]

1. c4 Nf6 2. d3 d6 3. Nf3 g6 4. g3 Bg7 5. Bg2 O-O 6. O-O Re8 7. Nc3 e5 8. Bg5
Nbd7 9. Qd2 Nc5 10. Bh6 Bf5 11. Bxg7 Kxg7 12. e4 Bg4 13. a3 Bxf3 14. Bxf3 Ne6
15. Rad1 Nd4 16. Bg2 Nh5 17. Nd5 c6 18. Ne3 Re6 19. Ng4 Kg8 20. f3 f5 21. Nh6+
Kg7 22. g4 Nf4 23. gxf5 gxf5 24. Nxf5+ Nxf5 25. exf5 Rh6 26. d4 Qh4 27. f6+ Kf7
28. dxe5 Qxh2+ 29. Kf2 Qxg2+ 30. Ke1 Qxd2+ 31. Rxd2 dxe5 32. Rd7+ Kxf6 33. Rxb7
Rh2 34. Kd1 Rd8+ 35. Kc1 Nd3+ 36. Kb1 Rd4 37. Rxa7 Rxc4 38. Rb7 Rcc2 39. Rd1
Rxb2+ 40. Rxb2 Nxb2 41. Rd6+ Kf5 42. Rxc6 Nd3 43. a4 Rb2+ 44. Ka1 Ra2+ 45. Kxa2
Nb4+ 46. Kb3 Nxc6 47. Kc4 Ke6 48. Kb5 Kd6 49. Kb6 h5 50. a5 Nxa5 51. Kxa5 h4
52. Kb4 h3 53. Kc4 h2 54. Kd3 h1=Q 55. Ke3 Kd5 56. f4 Qe4+ 57. Kd2 exf4 58. Kc3
f3 59. Kd2 Qe2+ 60. Kc3 f2 61. Kb3 f1=Q 62. Kb4 Qb1+ 63. Kc3 Qec2# 0-1

[Event "LK jeugd t/m 12 jaar"]
[Site "Buggenum"]
[Date "2007.12.29"]
[Round "12"]
[White "Klokgieters, Jeroen"]
[Black "Linssen, Freek"]
[Result "0-1"]
[WhiteElo "944"]
[BlackElo "1146"]
[PlyCount "108"]
[EventDate "2007.12.28"]
[EventType "tourn"]
[EventRounds "17"]
[EventCountry "NED"]
[Source "P.Boonen"]
[SourceDate "2015.01.01"]

1. e4 c5 2. Nf3 Nc6 3. Nc3 d6 4. Bc4 Nf6 5. h3 g6 6. O-O Bg7 7. d3 a6 8. Bf4
O-O 9. Nd5 Be6 10. Nxf6+ Bxf6 11. Bxe6 fxe6 12. Rb1 Nd4 13. Nxd4 Bxd4 14. c3
Bg7 15. Be3 e5 16. d4 cxd4 17. cxd4 Qc7 18. d5 Qc4 19. b3 Qxe4 20. Re1 Qf5 21.
Rc1 Rac8 22. Rxc8 Rxc8 23. Qd2 Rc2 24. Qa5 Bh6 25. Qd8+ Kf7 26. Qb6 Bxe3 27.
Qxe3 Rxa2 28. f3 Qf4 29. Qxf4+ exf4 30. Rc1 Rd2 31. Rc7 b5 32. Ra7 Rxd5 33.
Rxa6 Rd3 34. Rb6 Rxb3 35. Kf2 Rb2+ 36. Ke1 d5 37. Kd1 d4 38. Kc1 Rxg2 39. Rxb5
Rf2 40. Rd5 Kf6 41. Rxd4 e5 42. Rd6+ Kf5 43. Rd7 h5 44. Rf7+ Ke6 45. Ra7 Rxf3
46. h4 Rf2 47. Kd1 f3 48. Ke1 Rb2 49. Kf1 e4 50. Ra6+ Kf5 51. Ra5+ Kf4 52. Rg5
Ke3 53. Rd5 Rb1+ 54. Rd1 Rxd1# 0-1

[Event "LK jeugd t/m 12 jaar"]
[Site "Buggenum"]
[Date "2007.12.29"]
[Round "12"]
[White "Verstappen, Thom"]
[Black "Peeters, Victor"]
[Result "0-1"]
[WhiteElo "458"]
[BlackElo "978"]
[PlyCount "60"]
[EventDate "2007.12.28"]
[EventType "tourn"]
[EventRounds "17"]
[EventCountry "NED"]
[Source "P.Boonen"]
[SourceDate "2015.01.01"]

1. e4 e5 2. Nf3 Nf6 3. Qe2 Nc6 4. Qb5 a6 5. Qa4 b5 6. Qb3 Nxe4 7. d3 Nc5 8. Qd5
Bd6 9. b4 Nxb4 10. Qxa8 Nxc2+ 11. Kd2 Nxa1 12. Ne1 c6 13. Bb2 e4 14. dxe4 Nxe4+
15. Kd1 Nxf2+ 16. Kc1 Qg5+ 17. Nd2 Qc5+ 18. Kb1 O-O 19. Rg1 Ng4 20. Bxa1 Qxg1
21. Be2 Qxe1+ 22. Kb2 Qxd2+ 23. Kb3 Qxe2 24. Qxa6 Bxa6 25. Bc3 Qxg2 26. Bb4
Bxb4 27. Kxb4 Qxh2 28. a3 Qf4+ 29. Ka5 Rb8 30. Kxa6 Qa4# 0-1

[Event "LK jeugd t/m 12 jaar"]
[Site "Buggenum"]
[Date "2007.12.29"]
[Round "12"]
[White "Wing Kee Yiek"]
[Black "Van Oeteren, Roy"]
[Result "1-0"]
[WhiteElo "738"]
[BlackElo "792"]
[PlyCount "133"]
[EventDate "2007.12.28"]
[EventType "tourn"]
[EventRounds "17"]
[EventCountry "NED"]
[Source "P.Boonen"]
[SourceDate "2015.01.01"]

1. e4 e5 2. Nf3 Nf6 3. Nc3 Nc6 4. Bb5 Bb4 5. Bxc6 bxc6 6. Ne2 O-O 7. O-O Ba6 8.
Nxe5 Nxe4 9. d3 d6 10. dxe4 dxe5 11. Qxd8 Raxd8 12. Bg5 Rd7 13. Be3 Bxe2 14.
Rfd1 Bxd1 15. Bxa7 Rd2 16. g3 Bc5 17. Bxc5 Rfd8 18. Be3 Re2 19. Bg5 Rdd2 20.
Bxd2 Rxd2 21. c3 Bf3 22. Rf1 Bxe4 23. f3 Bxf3 24. Rxf3 Rxb2 25. Rd3 Rb1+ 26.
Kg2 h5 27. Rd8+ Kh7 28. h4 Rb2+ 29. Kf3 f6 30. a4 Ra2 31. Ra8 f5 32. a5 e4+ 33.
Kf4 Rf2+ 34. Kg5 g6 35. a6 Rg2 36. Kf6 Rd2 37. a7 Rd6+ 38. Ke5 Rd5+ 39. Kf4 Ra5
40. c4 Kh6 41. c5 e3 42. Kxe3 Ra3+ 43. Kf4 Ra4+ 44. Ke5 Ra5 45. Kf6 Kh7 46. Kg5
f4 47. gxf4 Rxc5+ 48. Kf6 Ra5 49. Ke6 c5 50. Kd5 c6+ 51. Kc4 Kg7 52. Kb3 Kf6
53. Kc4 Kf5 54. Kd3 Kxf4 55. Kc4 Kg4 56. Kc3 Kxh4 57. Kc4 g5 58. Kd3 g4 59. Ke3
Kh3 60. Ke2 Kh2 61. Ke1 g3 62. Kf1 Kh1 63. Rg8 Rxa7 64. Rxg3 Ra1+ 65. Kf2 Ra4
66. Kf1 h4 67. Rh3# 1-0

[Event "LK jeugd t/m 12 jaar"]
[Site "Buggenum"]
[Date "2007.12.29"]
[Round "12"]
[White "Yue, Tim"]
[Black "De Ridder, Naomi"]
[Result "1-0"]
[WhiteElo "1325"]
[BlackElo "1148"]
[PlyCount "43"]
[EventDate "2007.12.28"]
[EventType "tourn"]
[EventRounds "17"]
[EventCountry "NED"]
[Source "P.Boonen"]
[SourceDate "2015.01.01"]

1. e4 e5 2. Nf3 Nc6 3. d4 exd4 4. Nxd4 Nf6 5. Nxc6 bxc6 6. Bd3 Bc5 7. a3 Qe7 8.
O-O O-O 9. Re1 Bb7 10. Bg5 Bd4 11. c3 Be5 12. f4 Bd6 13. e5 Bc5+ 14. Kh1 Rfe8
15. Nd2 Qd8 16. exf6 h6 17. Bh4 gxf6 18. Qg4+ Kf8 19. Rxe8+ Kxe8 20. Re1+ Kf8
21. Bh7 Be3 22. Rxe3 1-0

[Event "LK jeugd t/m 12 jaar"]
[Site "Buggenum"]
[Date "2007.12.30"]
[Round "13"]
[White "De Ridder, Naomi"]
[Black "Verstappen, Thom"]
[Result "1-0"]
[WhiteElo "1148"]
[BlackElo "458"]
[PlyCount "57"]
[EventDate "2007.12.28"]
[EventType "tourn"]
[EventRounds "17"]
[EventCountry "NED"]
[Source "P.Boonen"]
[SourceDate "2015.01.01"]

1. e4 e5 2. Nf3 Bc5 3. Nc3 h6 4. Nxe5 Qh4 5. d4 Bb4 6. Qg4 Qe7 7. Qxg7 Qf8 8.
Qxh8 Be7 9. Qh7 Nf6 10. Qxh6 Qg8 11. g3 d6 12. Nd3 Qg4 13. Qh8+ Kd7 14. Bh3 Qe6
15. Bxe6+ fxe6 16. e5 dxe5 17. dxe5 Ne8 18. Be3 b6 19. Qh7 Kd8 20. Nf4 Nc6 21.
Qd3+ Bd6 22. exd6 cxd6 23. O-O Ke7 24. Ng6+ Kf7 25. Nh8+ Ke7 26. Bg5+ Nf6 27.
Qh7+ Kd8 28. Bxf6+ Ke8 29. Qf7# 1-0

[Event "LK jeugd t/m 12 jaar"]
[Site "Buggenum"]
[Date "2007.12.30"]
[Round "13"]
[White "Linssen, Freek"]
[Black "Yue, Tim"]
[Result "0-1"]
[WhiteElo "1146"]
[BlackElo "1325"]
[PlyCount "89"]
[EventDate "2007.12.28"]
[EventType "tourn"]
[EventRounds "17"]
[EventCountry "NED"]
[Source "P.Boonen"]
[SourceDate "2015.01.01"]

1. e4 c5 2. Nf3 d6 3. d4 cxd4 4. Nxd4 Nf6 5. Nc3 g6 6. Bb5+ Bd7 7. Bxd7+ Qxd7
8. Be3 Nc6 9. Qd2 Ng4 10. h3 Nxe3 11. Qxe3 Bg7 12. Nxc6 bxc6 13. O-O-O h5 14.
f4 O-O 15. Qf3 Rab8 16. Na4 c5 17. b3 c4 18. g4 cxb3 19. axb3 h4 20. g5 Rfc8
21. f5 Qc6 22. Rh2 gxf5 23. Qxf5 Rxb3 24. Rdh1 Rc7 25. g6 Bh6+ 26. Kd1 Rb1+ 27.
Ke2 Qxc2+ 28. Kf3 Qd3+ 29. Kg4 Qg3+ 30. Kh5 fxg6+ 31. Qxg6+ Qxg6+ 32. Kxg6 Rxh1
33. Rxh1 Bg7 34. Kh5 Rc4 35. e5 Rxa4 36. exd6 exd6 37. Rd1 Be5 38. Rb1 Kf7 39.
Kg5 Ke6 40. Rd1 d5 41. Rc1 Bf4+ 42. Kxh4 Bxc1+ 43. Kg3 d4 44. h4 d3 45. h5 0-1

[Event "LK jeugd t/m 12 jaar"]
[Site "Buggenum"]
[Date "2007.12.30"]
[Round "13"]
[White "Maessen, Roy"]
[Black "Klokgieters, Jeroen"]
[Result "1-0"]
[WhiteElo "1224"]
[BlackElo "944"]
[PlyCount "39"]
[EventDate "2007.12.28"]
[EventType "tourn"]
[EventRounds "17"]
[EventCountry "NED"]
[Source "P.Boonen"]
[SourceDate "2015.01.01"]

1. d4 Nf6 2. Nf3 d5 3. e3 Nc6 4. Bd3 e6 5. O-O Bd6 6. b3 O-O 7. Bb2 Bd7 8. Ne5
Bxe5 9. dxe5 Ne8 10. f4 f5 11. exf6 Nxf6 12. Rf3 Ng4 13. Bxh7+ Kxh7 14. Rh3+
Nh6 15. Qd3+ Kg8 16. Rxh6 Kf7 17. Qg6+ Ke7 18. Ba3+ Nb4 19. Bxb4+ c5 20. Bxc5#
1-0

[Event "LK jeugd t/m 12 jaar"]
[Site "Buggenum"]
[Date "2007.12.30"]
[Round "13"]
[White "Meeuwissen, Tom"]
[Black "Huibers, Lars"]
[Result "0-1"]
[WhiteElo "477"]
[BlackElo "721"]
[PlyCount "106"]
[EventDate "2007.12.28"]
[EventType "tourn"]
[EventRounds "17"]
[EventCountry "NED"]
[Source "P.Boonen"]
[SourceDate "2015.01.01"]

1. e4 e5 2. Nf3 Nc6 3. Nc3 Nf6 4. d3 Bc5 5. Be3 Bxe3 6. fxe3 O-O 7. Qe2 d6 8.
O-O-O Bg4 9. Qf2 Nb4 10. d4 exd4 11. exd4 Rb8 12. h3 Bxf3 13. Qxf3 Qd7 14. Qf5
Qxf5 15. exf5 Rbe8 16. Bb5 c6 17. Bd3 Nxd3+ 18. Rxd3 b5 19. a3 a5 20. b4 axb4
21. axb4 Ne4 22. Nxe4 Rxe4 23. c3 Re2 24. Rd2 Rxd2 25. Kxd2 h6 26. g4 Ra8 27.
Kd3 d5 28. h4 Kh7 29. h5 g6 30. hxg6+ fxg6 31. fxg6+ Kxg6 32. Rh5 Re8 33. Rh3
Kg5 34. Re3 Rxe3+ 35. Kxe3 Kxg4 36. Kd2 h5 37. Kd3 h4 38. c4 h3 39. cxd5 cxd5
40. Ke2 Kg3 41. Kf1 h2 42. Ke2 h1=Q 43. Kd3 Qg2 44. Kc3 Qf2 45. Kd3 Qf4 46. Kc3
Kf3 47. Kd3 Qe3+ 48. Kc2 Qxd4 49. Kb3 Ke3 50. Ka3 Kd3 51. Ka2 Qxb4 52. Ka1 Kc3
53. Ka2 Qb2# 0-1

[Event "LK jeugd t/m 12 jaar"]
[Site "Buggenum"]
[Date "2007.12.30"]
[Round "13"]
[White "Peeters, Victor"]
[Black "Wing Kee Yiek"]
[Result "1-0"]
[WhiteElo "978"]
[BlackElo "738"]
[PlyCount "55"]
[EventDate "2007.12.28"]
[EventType "tourn"]
[EventRounds "17"]
[EventCountry "NED"]
[Source "P.Boonen"]
[SourceDate "2015.01.01"]

1. e4 e5 2. Nf3 Nc6 3. Bb5 f6 4. Bxc6 dxc6 5. O-O Nh6 6. Nc3 Bb4 7. a3 Bxc3 8.
bxc3 Bg4 9. h3 Bxf3 10. Qxf3 Qe7 11. Qe3 O-O-O 12. Qxa7 f5 13. exf5 Nxf5 14.
Re1 Rhg8 15. d4 e4 16. Qc5 Qg5 17. Bxg5 Rge8 18. Qxf5+ Kb8 19. Rxe4 Rxe4 20.
Qxe4 h6 21. Bf4 g5 22. Bh2 Rc8 23. d5 c5 24. Rb1 Rd8 25. d6 Kc8 26. Qxb7+ Kd7
27. Qxc7+ Ke8 28. Qe7# 1-0

[Event "LK jeugd t/m 12 jaar"]
[Site "Buggenum"]
[Date "2007.12.30"]
[Round "13"]
[White "Van Meegen, Ruud"]
[Black "Katoen, Tom"]
[Result "1-0"]
[WhiteElo "1434"]
[BlackElo "832"]
[PlyCount "67"]
[EventDate "2007.12.28"]
[EventType "tourn"]
[EventRounds "17"]
[EventCountry "NED"]
[Source "P.Boonen"]
[SourceDate "2015.01.01"]

1. e4 c5 2. Nf3 d6 3. d4 cxd4 4. Nxd4 Nf6 5. Nc3 g6 6. Be3 Bg7 7. f3 O-O 8. Qd2
Nbd7 9. Bc4 a6 10. Bh6 Nc5 11. Bxg7 Kxg7 12. O-O-O Bd7 13. h4 Qe8 14. h5 Bb5
15. Bxb5 axb5 16. hxg6 fxg6 17. Nd5 Rh8 18. Nc7 Rxa2 19. Qh6+ Kf7 20. Nxe8 Kxe8
21. Nxb5 Na4 22. b3 Ra1+ 23. Kd2 Rxd1+ 24. Rxd1 Nc5 25. Ke2 Ng8 26. Qg7 Nf6 27.
Qxh8+ Kd7 28. e5 Nh5 29. exd6 Ng3+ 30. Kf2 Nge4+ 31. fxe4 Nxe4+ 32. Kg1 exd6
33. Nxd6 Nxd6 34. Qf6 1-0

[Event "LK jeugd t/m 12 jaar"]
[Site "Buggenum"]
[Date "2007.12.30"]
[Round "13"]
[White "Van Oeteren, Roy"]
[Black "Broens, Damian"]
[Result "1-0"]
[WhiteElo "792"]
[BlackElo "854"]
[PlyCount "195"]
[EventDate "2007.12.28"]
[EventType "tourn"]
[EventRounds "17"]
[EventCountry "NED"]
[Source "P.Boonen"]
[SourceDate "2015.01.01"]

1. e4 e5 2. Nc3 Nf6 3. Nf3 Nc6 4. Bb5 d6 5. h3 Bd7 6. O-O Be7 7. d3 O-O 8. Bg5
a6 9. Bxc6 Bxc6 10. Bxf6 Bxf6 11. Nd5 Bxd5 12. exd5 c5 13. dxc6 bxc6 14. c3 d5
15. d4 e4 16. Ne5 Bxe5 17. dxe5 Qe7 18. Qd4 Rae8 19. Qb6 Qxe5 20. Qxa6 Qd6 21.
Qb6 Qe6 22. b3 e3 23. fxe3 Qxe3+ 24. Qxe3 Rxe3 25. c4 d4 26. Rae1 Rxe1 27. Rxe1
g6 28. Rd1 Rd8 29. Kf2 c5 30. a3 Ra8 31. b4 cxb4 32. axb4 Ra4 33. Rxd4 Rxb4 34.
Rd8+ Kg7 35. c5 Rc4 36. Rc8 Kf6 37. c6 Ke6 38. c7 Kd7 39. Rh8 Rxc7 40. Rxh7 Ke7
41. h4 Rc2+ 42. Kf3 Rc3+ 43. Kf2 Rc4 44. g3 Rc5 45. g4 g5 46. h5 Kf8 47. Rh8+
Kg7 48. Rd8 f5 49. Rd7+ Kh8 50. gxf5 Rxf5+ 51. Kg3 Rf4 52. Rd8+ Kg7 53. Rd7+
Kh8 54. Rd5 Rf7 55. Rxg5 Rh7 56. Kh4 Rh6 57. Rc5 Rd6 58. Rc8+ Kg7 59. Kg5 Re6
60. Rc7+ Kh8 61. h6 Rxh6 62. Kxh6 Kg8 63. Kg6 Kf8 64. Rf7+ Ke8 65. Ra7 Kd8 66.
Kf6 Kc8 67. Ke6 Kb8 68. Ra2 Kb7 69. Kd6 Kb6 70. Rb2+ Ka5 71. Kc5 Ka4 72. Kc4
Ka3 73. Rb5 Ka2 74. Kc3 Ka1 75. Ra5+ Kb1 76. Kb3 Kc1 77. Kc3 Kd1 78. Kd3 Ke1
79. Ke3 Kf1 80. Kf3 Kg1 81. Ra1+ Kh2 82. Kf2 Kh3 83. Kf3 Kh4 84. Kf4 Kh5 85.
Kf5 Kh6 86. Kf6 Kh7 87. Rg1 Kh8 88. Rg6 Kh7 89. Rg7+ Kh8 90. Rf7 Kg8 91. Ke7
Kh8 92. Ke8 Kg8 93. Re7 Kh8 94. Rf7 Kg8 95. Ke7 Kh8 96. Kf6 Kg8 97. Kg6 Kh8 98.
Rf8# 1-0

[Event "LK jeugd t/m 12 jaar"]
[Site "Buggenum"]
[Date "2007.12.30"]
[Round "14"]
[White "Broens, Damian"]
[Black "Peeters, Victor"]
[Result "0-1"]
[WhiteElo "854"]
[BlackElo "978"]
[PlyCount "26"]
[EventDate "2007.12.28"]
[EventType "tourn"]
[EventRounds "17"]
[EventCountry "NED"]
[Source "P.Boonen"]
[SourceDate "2015.01.01"]

1. e4 e5 2. Nf3 Nf6 3. Nxe5 d6 4. Nf3 Nxe4 5. Qe2 Qe7 6. Qb5+ Nc6 7. Bd3 Nc3+
8. Kf1 Nxb5 9. Bxb5 Bd7 10. Be2 O-O-O 11. g3 Bh3+ 12. Kg1 Qxe2 13. Nc3 Qf1# 0-1

[Event "LK jeugd t/m 12 jaar"]
[Site "Buggenum"]
[Date "2007.12.30"]
[Round "14"]
[White "Cremers, Daan"]
[Black "Van Oeteren, Roy"]
[Result "1-0"]
[WhiteElo "1055"]
[BlackElo "792"]
[PlyCount "89"]
[EventDate "2007.12.28"]
[EventType "tourn"]
[EventRounds "17"]
[EventCountry "NED"]
[Source "P.Boonen"]
[SourceDate "2015.01.01"]

1. e4 e5 2. Nf3 Nc6 3. Nc3 Nf6 4. Bc4 Bb4 5. d3 h6 6. Bd2 O-O 7. a3 Bxc3 8.
Bxc3 d5 9. Bb5 dxe4 10. dxe4 Nxe4 11. Qxd8 Rxd8 12. O-O Nxc3 13. bxc3 a6 14.
Bxc6 bxc6 15. Nxe5 f6 16. Nxc6 Rd6 17. Ne7+ Kf8 18. Nxc8 Rxc8 19. h3 Rd7 20.
Rac1 Rb8 21. Rfd1 Rbd8 22. Rxd7 Rxd7 23. Kf1 Rd5 24. g4 Ra5 25. Ra1 g5 26. Kg2
f5 27. gxf5 Rxf5 28. Rb1 Ra5 29. Rb7 c6 30. Rc7 c5 31. Rh7 Rxa3 32. Rxh6 Rxc3
33. Rxa6 Rxc2 34. Rg6 c4 35. Rxg5 c3 36. Rc5 Rc1 37. Kg3 c2 38. Kf3 Ke7 39. h4
Kd6 40. Rc3 Kd5 41. Ke2 Kd4 42. Kd2 Rf1 43. Rxc2 Rxf2+ 44. Kc1 Rh2 45. Rxh2 1-0

[Event "LK jeugd t/m 12 jaar"]
[Site "Buggenum"]
[Date "2007.12.30"]
[Round "14"]
[White "Huibers, Lars"]
[Black "Van Mulekom, Maureen"]
[Result "1-0"]
[WhiteElo "721"]
[BlackElo "903"]
[PlyCount "131"]
[EventDate "2007.12.28"]
[EventType "tourn"]
[EventRounds "17"]
[EventCountry "NED"]
[Source "P.Boonen"]
[SourceDate "2015.01.01"]

1. e4 e5 2. Nf3 Nc6 3. Nc3 Nf6 4. Bb5 Bb4 5. Bxc6 dxc6 6. Nxe5 Bxc3 7. dxc3
Nxe4 8. Qxd8+ Kxd8 9. Nxf7+ Ke7 10. Nxh8 Bd7 11. Bg5+ Nxg5 12. O-O Rxh8 13.
Rae1+ Kd8 14. f4 Ne6 15. f5 Ng5 16. h4 Nf7 17. Rf2 Re8 18. Rxe8+ Bxe8 19. Rd2+
Kc8 20. b4 b6 21. a4 c5 22. bxc5 bxc5 23. Kf2 Bxa4 24. Ke3 Ne5 25. Ke4 Nc4 26.
Re2 Bb5 27. Rf2 Kd7 28. g4 Ke7 29. g5 g6 30. f6+ Kf7 31. h5 a5 32. hxg6+ hxg6
33. Kd5 a4 34. Kxc5 c6 35. Rf4 Nb2 36. Kb4 Nd1 37. Rf1 Ne3 38. c4 Bxc4 39. Rf3
Nxc2+ 40. Kxc4 c5 41. Rf2 Ne3+ 42. Kxc5 a3 43. Ra2 Nf5 44. Rxa3 Nh4 45. Ra4 Nf3
46. Rg4 Ne5 47. Re4 Nf3 48. Re7+ Kf8 49. Kd6 Nxg5 50. Ke5 Nf7+ 51. Ke6 Ng5+ 52.
Kd7 Kg8 53. Ke8 Nh7 54. f7+ Kh8 55. f8=Q+ Nxf8 56. Kxf8 g5 57. Re4 g4 58. Rxg4
Kh7 59. Kf7 Kh6 60. Kf6 Kh5 61. Kf5 Kh6 62. Rg5 Kh7 63. Rg6 Kh8 64. Kf6 Kh7 65.
Kf7 Kh8 66. Rh6# 1-0

[Event "LK jeugd t/m 12 jaar"]
[Site "Buggenum"]
[Date "2007.12.30"]
[Round "14"]
[White "Katoen, Tom"]
[Black "Meeuwissen, Tom"]
[Result "1-0"]
[WhiteElo "832"]
[BlackElo "477"]
[PlyCount "37"]
[EventDate "2007.12.28"]
[EventType "tourn"]
[EventRounds "17"]
[EventCountry "NED"]
[Source "P.Boonen"]
[SourceDate "2015.01.01"]

1. c4 e5 2. d3 Bb4+ 3. Bd2 Bxd2+ 4. Qxd2 d6 5. Nf3 Qf6 6. g3 Qh6 7. Qd1 Bg4 8.
Bg2 Bxf3 9. Bxf3 Nc6 10. O-O Nd4 11. Bxb7 Rb8 12. Bg2 Rxb2 13. Nc3 Rb8 14. e3
Nc6 15. Bxc6+ Ke7 16. Nd5+ Kd8 17. Rb1 Rxb1 18. Qxb1 Nf6 19. Qb8# 1-0